| 000 | 01617nam a22004337a 4500 | ||
|---|---|---|---|
| 001 | 2070183 | ||
| 003 | OSt | ||
| 005 | 20210420062656.0 | ||
| 008 | 940808s1995 paua b 001 0 eng c | ||
| 010 | _a 94034549 | ||
| 020 | _a0397513186 (alk. paper) | ||
| 040 |
_aeng _cDLC _deng |
||
| 050 | 1 | 0 |
_aRD98 _b.M43 1995 |
| 060 | 1 | 0 | _aWO 178 M488 1995 |
| 080 |
_a617 _bL-96 |
||
| 082 | 0 | 0 |
_a617/.01 _220 |
| 245 | 0 | 0 |
_aMedical management of the surgical patient / _cedited by Michael F. Lubin, H. Kenneth Walker, Robert B. Smith III ; with 92 contributors. |
| 250 | _a3rd ed. | ||
| 260 |
_aPhiladelphia : _bLippincott, _cc1995. |
||
| 300 |
_axxviii, 706 p. : _bill. ; _c26 cm. |
||
| 504 | _aIncludes bibliographical references and index. | ||
| 650 | 0 |
_aSurgery _xComplications. |
|
| 650 | 0 |
_aDiseases _xComplications. |
|
| 650 | 0 | _aTherapeutics, Surgical. | |
| 650 | 1 | 2 | _aIntraoperative Care. |
| 650 | 2 | 2 | _aIntraoperative Complications. |
| 650 | 2 | 2 | _aPostoperative Care. |
| 650 | 2 | 2 | _aPostoperative Complications. |
| 650 | 2 | 2 | _aSurgery, Operative. |
| 653 | _aქირურგია | ||
| 653 | _aპაციენტის მოვლა | ||
| 653 | _aპოსტოპერაციული პაციენტის მოვლა | ||
| 700 | 1 |
_aLubin, Michael F., _d1947- |
|
| 700 | 1 |
_aWalker, H. Kenneth _q(Henry Kenneth), _d1936- |
|
| 700 | 1 |
_aSmith, Robert B., _d1933- |
|
| 906 |
_a7 _bcbc _corignew _d1 _eocip _f19 _gy-gencatlg |
||
| 942 |
_2udc _cBK _e3 |
||
| 999 |
_c472 _d472 |
||